Brilliant /

Bibliographic Details
Main Author: Roberts, Ann, 1964- (Author)
Format: Book
Language:English
Published: Tallahassee, FL : Bella Books, 2007.
Edition:First edition.
Subjects:

MARC

Tag First Indicator Second Indicator Subfields
LEADER 00000cam a2200000 i 4500
001 in00004733921
008 070321t20072007flu 000 f eng
005 20230808161449.4
035 |a (OCoLC)ocn122284452 
040 |a UKM  |b eng  |e rda  |c UKM  |d BTCTA  |d BAKER  |d OCLCG  |d BDX  |d IWU  |d OCLCO  |d OCLCF  |d OCLCO  |d OCLCQ  |d CDS  |d OKX  |d OCLCQ  |d UKMGB  |d OCLCO  |d TXA 
015 |a GBA724744  |2 bnb 
016 7 |a 013704928  |2 Uk 
020 |a 9781594931154  |q (pbk. ;  |q alk. paper) 
020 |a 1594931151  |q (pbk. ;  |q alk. paper) 
035 |a (OCoLC)122284452 
042 |a ukblsr 
050 1 4 |a PS3618.O31545  |b B7 2007 
082 0 4 |a 813.6  |2 22 
100 1 |a Roberts, Ann,  |d 1964-  |e author. 
245 1 0 |a Brilliant /  |c Ann Roberts. 
250 |a First edition. 
264 1 |a Tallahassee, FL :  |b Bella Books,  |c 2007. 
264 4 |c ©2007 
300 |a 256 pages ;  |c 21 cm 
336 |a text  |b txt  |2 rdacontent 
337 |a unmediated  |b n  |2 rdamedia 
338 |a volume  |b nc  |2 rdacarrier 
500 |a The Cushing Library/Women & Gender Studies copy was acquired as part of The Arden Eversmeyer Collection.  |5 TXA 
650 0 |a Women college teachers  |v Fiction. 
650 0 |a Teacher-student relationships  |v Fiction. 
650 0 |a Lesbians  |v Fiction. 
650 6 |a Lesbiennes  |v Romans, nouvelles, etc. 
650 7 |a Lesbians.  |2 fast  |0 (OCoLC)fst00996540 
650 7 |a Teacher-student relationships.  |2 fast  |0 (OCoLC)fst01144236 
655 7 |a Romance fiction.  |2 lcgft 
655 7 |a Lesbian fiction.  |2 lcgft 
655 7 |a Love stories.  |2 gsafd 
938 |a Baker & Taylor  |b BKTY  |c 13.95  |d 10.46  |i 1594931151  |n 0007023233  |s active 
938 |a Brodart  |b BROD  |n 05891337  |c $13.95 
938 |a Baker and Taylor  |b BTCP  |n BK0007023233 
029 1 |a AU@  |b 000042413161 
029 1 |a CBK  |b 108348725 
029 1 |a NOK  |b 1594931151 
029 1 |a UKBCI  |b 108348725 
029 1 |a UKBNS  |b 108348725 
029 1 |a UKSCO  |b 108348725 
029 1 |a UKSGC  |b 108348725 
029 1 |a UKSOM  |b 108348725 
029 1 |a UNITY  |b 108348725 
029 1 |a UKMGB  |b 013704928 
029 1 |a AU@  |b 000068543494 
994 |a Z0  |b TXA 
948 |h HELD BY TXA - 28 OTHER HOLDINGS 
999 f f |s e8021e64-93a2-4bc4-b48a-0f24f6d777b4  |i 5a8fe64a-14a8-4c86-aeef-b4dcc7b2f5fd  |t 0 
952 f f |p noncirc  |a Texas A&M University  |b College Station  |c Cushing Memorial Library & Archives  |d Cushing: Women & Gender Studies (Does not check out)  |t 0  |e PS3618.O31545 B7 2007  |h Library of Congress classification  |i unmediated -- volume  |m A14853135816 
998 f f |a PS3618.O31545 B7 2007  |t 0  |l Cushing: Women & Gender Studies (Does not check out)